[Event "Montevideo Duchamp Cup 7th"]
[Site "Montevideo"]
[Date "2024.02.07"]
[Round "7"]
[White "Fein, Jorge"]
[Black "Gonzalez Bodega, Juliana"]
[Result "1-0"]
[WhiteElo "1615"]
[BlackElo "1267"]
[PlyCount "63"]
[EventDate "2024.02.01"]
[EventType "swiss"]
[EventRounds "9"]
[EventCountry "URU"]
[SourceTitle "CB07_2024"]
[SourceDate "2024.02.14"]
[SourceVersion "1"]
[SourceVersionDate "2024.02.14"]
[SourceQuality "1"]

1. Nf3 d5 2. b3 Nc6 3. Bb2 Bg4 4. e3 e5 5. Be2 Bd6 6. d3 Nf6 7. Nbd2 Qd7 8. c4 Bxf3 9. Bxf3 Qe6 10. cxd5 Nxd5 11. 0-0 0-0-0 12. Rc1 Nde7 13. a3 Qh6 14. g3 f5 15. Qc2 g5 16. Nc4 f4 17. exf4 gxf4 18. Nxd6+ Qxd6 19. Be4 h5 20. Qc5 Qf6 21. Rc2 h4 22. b4 hxg3 23. fxg3 a6 24. a4 Qg7 25. Rxf4 Rh3 26. Rf1 Rxg3+ 27. hxg3 Qxg3+ 28. Rg2 Qh4 29. b5 Nd4 30. Bxd4 exd4 31. Qg5 Qh7 32. Bxh7 1-0

[Event "Montevideo zt 2.5"]
[Site "Montevideo"]
[Date "2019.04.16"]
[Round "5"]
[White "Rodriguez Farias, Eduardo"]
[Black "Fein, Jorge"]
[Result "1-0"]
[WhiteElo "1898"]
[BlackElo "1648"]
[PlyCount "77"]
[EventDate "2019.04.13"]
[EventType "swiss"]
[EventRounds "9"]
[EventCountry "URU"]
[SourceTitle "CBM 189 Extra"]
[Source "ChessBase"]
[SourceDate "2019.06.03"]
[SourceVersion "1"]
[SourceVersionDate "2019.06.03"]
[SourceQuality "1"]

1. e4 e5 2. Nf3 Nc6 3. Bb5 a6 4. Ba4 Nf6 5. d3 b5 6. Bb3 h6 7. 0-0 Be7 8. Re1 0-0 9. c3 d6 10. h3 Na5 11. Bc2 c5 12. Nbd2 Be6 13. Nf1 Nc6 14. Ng3 Qc8 15. Kh2 Bd8 16. Nh4 Ng4+ 17. hxg4 Bxh4 18. Nf5 Bxf5 19. gxf5 Qd8 20. g3 Bg5 21. f4 exf4 22. gxf4 Bf6 23. Qg4 Kh8 24. Be3 Rb8 25. Rg1 Rg8 26. Rg2 b4 27. Rh1 Qf8 28. Ba4 Nd8 29. d4 bxc3 30. bxc3 cxd4 31. cxd4 Rb4 32. Qd1 Rb8 33. e5 dxe5 34. fxe5 Be7 35. Kg1 f6 36. Bb3 Nf7 37. Bxf7 Qxf7 38. Bxh6 gxh6 39. Rxh6+ 1-0

[Event "Montevideo zt 2.5"]
[Site "Montevideo"]
[Date "2019.04.14"]
[Round "3"]
[White "Fein, Jorge"]
[Black "Avedisian, Alexander"]
[Result "0-1"]
[WhiteElo "1648"]
[BlackElo "1898"]
[PlyCount "94"]
[EventDate "2019.04.13"]
[EventType "swiss"]
[EventRounds "9"]
[EventCountry "URU"]
[SourceTitle "CBM 189 Extra"]
[Source "ChessBase"]
[SourceDate "2019.06.03"]
[SourceVersion "1"]
[SourceVersionDate "2019.06.03"]
[SourceQuality "1"]

1. Nf3 g6 2. e4 c5 3. d4 cxd4 4. Qxd4 Nf6 5. e5 Nc6 6. Qc3 Ne4 7. Qe3 d5 8. exd6 Nxd6 9. Qc3 f6 10. Bf4 e5 11. Be3 Nf5 12. Qd2 Be6 13. Bb5 Bd5 14. c4 Bxf3 15. Qxd8+ Rxd8 16. gxf3 Nfd4 17. Bxd4 Rxd4 18. Ke2 Kf7 19. Bxc6 bxc6 20. b3 Bh6 21. Nc3 Rd2+ 22. Ke1 Rhd8 23. Rg1 f5 24. Rg3 R2d3 25. Na4 Bf4 26. Rh3 h5 27. Nc5 Rd2 28. Na6 Bh6 29. Nb4 R2d6 30. Na6 Bf8 31. Nc5 Rd4 32. Na4 Bb4+ 33. Kf1 Rd1+ 34. Rxd1 Rxd1+ 35. Kg2 f4 36. a3 Bxa3 37. Nc3 Rd3 38. Ne4 Rxb3 39. Ng5+ Ke7 40. Ne4 a5 41. Nd2 Rb2 42. Ne4 Bb4 43. c5 a4 44. Nd6 Bxc5 45. Nc4 a3 46. Nxe5 Rxf2+ 47. Kh1 a2 0-1

[Event "American Continental 14th"]
[Site "Montevideo"]
[Date "2018.06.09"]
[Round "10"]
[White "Campora, Edgardo"]
[Black "Fein, Jorge"]
[Result "1-0"]
[WhiteElo "1772"]
[BlackElo "1648"]
[PlyCount "119"]
[EventDate "2018.06.01"]
[EventType "swiss"]
[EventRounds "11"]
[EventCountry "URU"]
[SourceTitle "CBM 184 Extra"]
[Source "ChessBase"]
[SourceDate "2018.06.28"]
[SourceVersion "1"]
[SourceVersionDate "2018.06.28"]
[SourceQuality "1"]

1. e4 e5 2. Nf3 Nc6 3. Bc4 Nd4 4. Nxd4 exd4 5. 0-0 d6 6. c3 dxc3 7. bxc3 Qf6 8. Qb3 Nh6 9. Re1 Ng4 10. f3 Ne5 11. Bf1 Be7 12. d4 Ng6 13. a4 Nh4 14. Be3 0-0 15. Nd2 b6 16. a5 Rb8 17. axb6 axb6 18. Qc2 Qg6 19. g3 d5 20. Qb1 dxe4 21. fxe4 Bg5 22. Kh1 Bxe3 23. Rxe3 Qg5 24. Qe1 Ng6 25. Nf3 Qd8 26. Bc4 Bg4 27. Qf2 Qf6 28. Rf1 Nh8 29. e5 Qc6 30. Bd3 g6 31. Kg1 Bxf3 32. Rxf3 Rbe8 33. c4 Qa4 34. Qb2 Qd7 35. Rf6 Re6 36. R6f4 Qe7 37. Be4 Qd8 38. Bd5 Re7 39. Qf2 b5 40. Qf3 bxc4 41. Ra1 Rd7 42. Ra8 Qe7 43. Ra6 Qb4 44. Raf6 Qb1+ 45. Kg2 Qd3 46. Rc6 Qxf3+ 47. Bxf3 Kg7 48. Rxc4 h6 49. Bc6 Re7 50. Re4 Rfe8 51. Bxe8 Rxe8 52. Rxc7 g5 53. d5 Ng6 54. e6 Re7 55. Rxe7 Nxe7 56. d6 fxe6 57. dxe7 Kf7 58. e8Q+ Kxe8 59. Rxe6+ Kf7 60. Rxh6 1-0

[Event "American Continental 14th"]
[Site "Montevideo"]
[Date "2018.06.07"]
[Round "7"]
[White "Ramos, Angelo Bil"]
[Black "Fein, Jorge"]
[Result "1-0"]
[WhiteElo "1926"]
[BlackElo "1648"]
[PlyCount "69"]
[EventDate "2018.06.01"]
[EventType "swiss"]
[EventRounds "11"]
[EventCountry "URU"]
[SourceTitle "CBM 184 Extra"]
[Source "ChessBase"]
[SourceDate "2018.06.28"]
[SourceVersion "1"]
[SourceVersionDate "2018.06.28"]
[SourceQuality "1"]

1. e4 e5 2. Nf3 Nc6 3. Bb5 a6 4. Ba4 b5 5. Bb3 Nd4 6. Nxd4 exd4 7. Bxf7+ Kxf7 8. Qh5+ Ke7 9. Qe5+ Kf7 10. Qd5+ Ke8 11. Qxa8 c6 12. d3 Bd6 13. 0-0 Ne7 14. Qa7 c5 15. Bg5 Rf8 16. Nd2 Kf7 17. e5 Bxe5 18. Qxc5 Bf6 19. Bxf6 gxf6 20. Qxd4 Rg8 21. Ne4 Rg6 22. Rae1 d5 23. Ng3 Nc6 24. Qf4 Rg4 25. Qh6 Qg8 26. f3 Rg6 27. Qf4 Qd8 28. Kh1 d4 29. Re2 a5 30. Rfe1 a4 31. a3 h6 32. Ne4 Kg7 33. Qd6 Bd7 34. Nc5 Ne5 35. Ne6+ 1-0

[Event "American Continental 14th"]
[Site "Montevideo"]
[Date "2018.06.02"]
[Round "2"]
[White "Fein, Jorge"]
[Black "Torella, Rodolfo"]
[Result "0-1"]
[WhiteElo "1648"]
[BlackElo "2016"]
[PlyCount "122"]
[EventDate "2018.06.01"]
[EventType "swiss"]
[EventRounds "11"]
[EventCountry "URU"]
[SourceTitle "CBM 184 Extra"]
[Source "ChessBase"]
[SourceDate "2018.06.28"]
[SourceVersion "1"]
[SourceVersionDate "2018.06.28"]
[SourceQuality "1"]

1. Nf3 g6 2. e4 Bg7 3. Bc4 c5 4. 0-0 Nc6 5. c3 e6 6. Re1 Nge7 7. d4 d5 8. exd5 exd5 9. Bf1 cxd4 10. Nxd4 Nxd4 11. cxd4 0-0 12. Bg5 Re8 13. Bxe7 Rxe7 14. Rxe7 Qxe7 15. Nc3 Be6 16. Rc1 Qb4 17. Ne2 Qxb2 18. a4 Qb6 19. Rb1 Qc7 20. Rc1 Qd6 21. Qb3 b6 22. h3 Rc8 23. Rd1 Bh6 24. Nc3 Qc7 25. Nb5 Qb8 26. Nc3 Qc7 27. Nb5 Qe7 28. Nc3 Bf8 29. Nb5 Rc6 30. Nc3 Qb4 31. Qxb4 Bxb4 32. Na2 Be7 33. Bb5 Rc2 34. Nc1 Bf6 35. Ne2 Bg5 36. Kf1 Kf8 37. g4 h5 38. f3 hxg4 39. hxg4 Rd2 40. Rxd2 Bxd2 41. Kg2 Ke7 42. Kg3 g5 43. f4 f6 44. f5 Bd7 45. Kf3 a6 46. Bxa6 Bxa4 47. Bb7 Kd6 48. Ng3 Bd1+ 49. Ne2 b5 50. Ba6 Kc6 51. Kf2 Kb6 52. Bc8 b4 53. Be6 Kc6 54. Bc8 b3 55. Ba6 Bc2 56. Ng3 b2 57. Nh5 b1Q 58. Nxf6 Qe1+ 59. Kg2 Be3 60. Nh5 Be4+ 61. Kh3 Qh4# 0-1

[Event "Montevideo Duchamp Cup 2nd"]
[Site "Montevideo"]
[Date "2018.02.04"]
[Round "5"]
[White "Fein, Jorge"]
[Black "Manteiga, Franco"]
[Result "1-0"]
[WhiteElo "1644"]
[BlackElo "1428"]
[PlyCount "64"]
[EventDate "2018.02.02"]
[EventType "swiss"]
[EventRounds "9"]
[EventCountry "URU"]
[SourceTitle "CBM 182 Extra"]
[Source "ChessBase"]
[SourceDate "2018.02.23"]
[SourceVersion "1"]
[SourceVersionDate "2018.02.23"]
[SourceQuality "1"]

1. Nf3 Nf6 2. b3 g6 3. Bb2 Bg7 4. d3 0-0 5. Nbd2 d6 6. e4 c5 7. Be2 Nc6 8. 0-0 e6 9. Re1 d5 10. exd5 exd5 11. Bf1 d4 12. g3 b6 13. Bg2 Bb7 14. a3 a5 15. Ne5 Qc7 16. Qf3 Nxe5 17. Qxb7 Qxb7 18. Bxb7 Rab8 19. Rxe5 Rxb7 20. Rae1 Rbb8 21. Nc4 Nd7 22. Re7 Rfd8 23. Bc1 Bf6 24. R7e2 Bg7 25. Bf4 Rbc8 26. Nd6 Rc6 27. Re8+ Rxe8 28. Rxe8+ Bf8 29. Nc8 Kg7 30. Na7 Rf6 31. Rd8 Bd6 32. Rxd7 Bxf4 1-0

[Event "Montevideo Duchamp Cup 2nd"]
[Site "Montevideo"]
[Date "2018.02.03"]
[Round "2"]
[White "Larrea, Manuel"]
[Black "Fein, Jorge"]
[Result "1-0"]
[WhiteElo "2290"]
[BlackElo "1644"]
[PlyCount "63"]
[EventDate "2018.02.02"]
[EventType "swiss"]
[EventRounds "9"]
[EventCountry "URU"]
[SourceTitle "CBM 182 Extra"]
[Source "ChessBase"]
[SourceDate "2018.02.23"]
[SourceVersion "1"]
[SourceVersionDate "2018.02.23"]
[SourceQuality "1"]

1. e4 e5 2. Nf3 Nc6 3. Bc4 Nd4 4. Nxd4 exd4 5. 0-0 Bc5 6. Qh5 Qe7 7. Bxf7+ Qxf7 8. Qxc5 d6 9. Qxd4 Nf6 10. e5 dxe5 11. Qxe5+ Qe6 12. Qxe6+ Bxe6 13. Nc3 0-0 14. d3 c6 15. Bd2 Rae8 16. Rae1 Nd5 17. Ne4 Bc8 18. c4 Nb6 19. Bb4 Rd8 20. Bxf8 Kxf8 21. Nc5 Kf7 22. Re3 Na8 23. Rfe1 Nb6 24. Rf3+ Kg6 25. Ne6 Rh8 26. Re5 Bxe6 27. Rxe6+ Kg5 28. h4+ Kxh4 29. Rf5 g5 30. Rh6+ Kg4 31. Rf7 Rg8 32. Kh2 1-0

[Event "Montevideo Duchamp Cup 2nd"]
[Site "Montevideo"]
[Date "2018.02.02"]
[Round "1"]
[White "Fein, Jorge"]
[Black "Coro, Lucas"]
[Result "0-1"]
[WhiteElo "1644"]
[BlackElo "2147"]
[PlyCount "64"]
[EventDate "2018.02.02"]
[EventType "swiss"]
[EventRounds "9"]
[EventCountry "URU"]
[SourceTitle "CBM 182 Extra"]
[Source "ChessBase"]
[SourceDate "2018.02.23"]
[SourceVersion "1"]
[SourceVersionDate "2018.02.23"]
[SourceQuality "1"]

1. Nf3 Nf6 2. b3 g6 3. Bb2 Bg7 4. d3 0-0 5. e4 d6 6. h3 e5 7. Be2 Nc6 8. 0-0 Nh5 9. Re1 Nf4 10. Bf1 f5 11. exf5 Bxf5 12. Nbd2 g5 13. Nh2 Qd7 14. Ne4 h6 15. Ng3 Bg6 16. Qg4 Qf7 17. Qf3 e4 18. Rxe4 Bxb2 19. Rae1 Ne5 20. Qd1 Nxh3+ 21. gxh3 Qxf2+ 22. Kh1 Qxg3 23. R4e3 Qf4 24. Bg2 Bc3 25. Bd5+ Kg7 26. Rf3 Nxf3 27. Re7+ Kh8 28. Nxf3 Qg3 29. Qe2 Qxh3+ 30. Kg1 Rxf3 31. Bxf3 Bd4+ 32. Re3 Re8 0-1

[Event "Montevideo Senior-ch"]
[Site "Montevideo"]
[Date "2017.06.19"]
[Round "5"]
[White "Buscio, Jorge"]
[Black "Fein, Jorge"]
[Result "1/2-1/2"]
[WhiteElo "1445"]
[BlackElo "1637"]
[PlyCount "58"]
[EventDate "2017.06.17"]
[EventType "swiss"]
[EventRounds "5"]
[EventCountry "URU"]
[SourceTitle "CBM 179 Extra"]
[Source "ChessBase"]
[SourceDate "2017.08.23"]
[SourceVersion "1"]
[SourceVersionDate "2017.08.23"]
[SourceQuality "1"]

1. e4 e5 2. Nf3 Nc6 3. Bc4 Nd4 4. 0-0 Nxf3+ 5. Qxf3 Qf6 6. Qxf6 Nxf6 7. Nc3 c6 8. d3 Bb4 9. Ne2 0-0 10. c3 Ba5 11. f4 d6 12. fxe5 dxe5 13. Bg5 Bb6+ 14. Kh1 Ng4 15. d4 exd4 16. cxd4 Be6 17. b3 Bxc4 18. bxc4 Bd8 19. Bd2 Nf6 20. Ng3 Re8 21. Rae1 Bc7 22. e5 Nd7 23. Bf4 Nf8 24. d5 cxd5 25. cxd5 Ng6 26. d6 Bb6 27. Nf5 h6 28. Bg3 Rad8 29. Re2 Re6 1/2-1/2

[Event "American Continental 11th"]
[Site "Montevideo"]
[Date "2015.05.24"]
[Round "11"]
[White "Fein, Jorge"]
[Black "Croes, Octavio"]
[Result "1/2-1/2"]
[WhiteElo "1790"]
[BlackElo "1887"]
[PlyCount "131"]
[EventDate "2015.05.15"]
[EventType "swiss"]
[EventRounds "11"]
[EventCountry "URU"]
[SourceTitle "CBM 167"]
[Source "ChessBase"]
[SourceDate "2015.07.13"]
[SourceVersion "1"]
[SourceVersionDate "2015.07.13"]
[SourceQuality "1"]

1. Nf3 c5 2. b3 Nf6 3. Bb2 e6 4. d3 d5 5. Nbd2 Be7 6. c4 0-0 7. g3 Qa5 8. Bg2 dxc4 9. bxc4 Nc6 10. 0-0 Rd8 11. a3 Qc7 12. Qc2 b6 13. Ne5 Bb7 14. Nxc6 Bxc6 15. Nf3 Rab8 16. Bc3 b5 17. cxb5 Bxb5 18. Rfc1 Rdc8 19. Qd2 Nd5 20. Ba5 Qd6 21. e4 Nb6 22. Bc3 Qxd3 23. Qb2 f6 24. e5 Na4 25. Qc2 Qxc2 26. Rxc2 Nxc3 27. Rxc3 Be2 28. Rac1 Rd8 29. exf6 Bxf6 30. Rxc5 Rb3 31. Ne5 Rxa3 32. Rc8 Kf8 33. Nd7+ Ke7 34. Rxd8 Kxd8 35. Nxf6 gxf6 36. h4 Bb5 37. Rb1 a6 38. Bh3 Ke7 39. Re1 Bc4 40. Rc1 Ra4 41. Bg2 Kd6 42. Rb1 Bb5 43. Rd1+ Ke5 44. Re1+ Kd6 45. Rd1+ Kc5 46. Rc1+ Rc4 47. Re1 e5 48. Rd1 Rd4 49. Rc1+ Bc4 50. Bh3 Kb4 51. Rb1+ Bb3 52. Bc8 a5 53. Kg2 Rd1 54. Rb2 Kc3 55. Re2 Bd5+ 56. Kh3 h5 57. g4 Rh1+ 58. Kg3 hxg4 59. Kxg4 a4 60. Kf5 a3 61. Kxf6 e4 62. Be6 a2 63. Rxa2 Bxa2 64. Bxa2 Rxh4 65. Ke5 Kb2 66. Bd5 1/2-1/2